000 00307nam a22001337a 4500
008 170308b xxu||||| |||| 00| 0 eng d
020 _a9780397552313
041 _aeng
080 _a611
100 _a6
101 _aSHM
245 _aTEXTBOOK OF URINALYSIS AND BODY FLUIDS
_cMCBRIDE, L.J
942 _2udc
_cBK
999 _c7176
_d7176